00785nam a2200181 i 4500001000700000003000900007005001700016007000300033008004100036100003200077245024200109260007600351300002200427650003300449700002600482710007400508852002100582104509ES-MaACL20250729050627.0t|051130s1975 sp |||| | spa d1 aMillán Barbany, Gregorio.10aProblemas matemáticos de la mecánica de fluidos b: estructura de las ondas de choque y combustión / cdiscurso leído en el acto de su recepción por Gregorio Millán Barbany y contestación del ... Sr. D. Felipe Lafita Babio. aMadrid : bAcademia de Ciencias Exactas, Físicas y Naturales, c1975. a658 p. ; c24 cm.07aMecánica de fluidos2embne1 aLafita Babio, Felipe.2 aReal Academia de Ciencias Exactas, Físicas y Naturales de España. aES-MaACLjE-1907